Die 22 größten Fußballstadien Baden-Württembergs - Statistiken

Allgemein
  • Dieses Quiz wurde 36 mal gespielt
  • Das Durchschnittsergebnis liegt bei 7 aus 22
Antwortstatistiken
Kapazität Stadion % Korrekt
60.449 MHP Arena (Stuttgart-Bad Cannstatt)
97%
34.700 Europa-Park Stadion (Freiburg/Breisgau-Brühl)
88%
33.180 BBBank Wildpark (Karlsruhe-Innenstadt-Ost)
79%
17.400 Donaustadion (Ulm/Donau)
61%
24.000 Dreisamstadion (Freiburg/Breisgau)
61%
30.150 PreZero Arena (Sinsheim)
58%
15.000 Voith-Arena (Heidenheim/Brenz)
55%
25.271 Carl-Benz-Stadion (Mannheim)
48%
15.228 Stadion an der Kreuzeiche (Reutlingen)
30%
25.000 Bodenseestadion (Konstanz)
27%
15.414 GP Stadion am Hardtwald (Sandhausen)
27%
17.284 Frankenstadion (Heilbronn)
24%
14.500 CENTUS Arena (Aalen)
18%
12.000 Ludwig-Jahn-Stadion (Ludwigsburg)
15%
12.000 Rheinstadion (Kehl/Rhein)
12%
15.000 Karl-Heitz-Stadion (Offenburg)
6%
12.000 MS-Technologie-Arena (Villingen-Schwenningen)
3%
15.200 Seppl-Herberger-Stadion am Alsenweg (Mannheim-Waldhof)
3%
12.000 Donaustadion (Tuttlingen)
0%
12.000 ERBE Arena (Heilbronn-Böckingen)
0%
15.000 Münchfeldstadion (Rastatt)
0%
12.000 Zeppelinstadion (Friedrichshafen)
0%
Keine übereinstimmenden Quizze gefunden
Verteilung der Resultate
Anzahl Personen mit jedem Resultat
Perzentil nach korrekt beantworteten Fragen
Ihre Resultats-Entwicklung
Sie haben dieses Quiz noch nicht gespielt